000 00507nam a2200193Ia 4500
005 20250425161222.0
008 250425s9999 xx 000 0 und d
041 _aspa
043 _amx
082 _a628.3
100 _aFAIR, GORDON MASKEW
245 0 _aINGENIERIA SANITARIA Y DE AGUAS RESIDUALES: ABASTECIMIENTO DE AGUAS Y REMOCIÓN DE AGUAS RESIDUALES
250 _a1A ED.
260 _aMEXICO
260 _aMéxico
_bEDITORIAL LIMUSA
_c1968
300 _a547
942 _c01
010 _a15425
999 _c204828
_d204828